000 00296nam a22001337a 4500
008 170608b xxu||||| |||| 00| 0 eng d
020 _a9780133279580
041 _aeng
080 _a327
100 _a18
101 _aSHP
245 _aTHIRD WORLD DEVELOPMENT
_cHANDELMAN.H
942 _2udc
_cBK
999 _c16582
_d16582